Normal view
MARC view
Entry Personal Name
001 - CONTROL NUMBER
- control field: 15354
003 - CONTROL NUMBER IDENTIFIER
- control field: OSt
005 - DATE AND TIME OF LATEST TRANSACTION
- control field: 20211105133919.0
008 - FIXED-LENGTH DATA ELEMENTS
- fixed length control field: 211105|| aca||aabn | a|a d
040 ## - CATALOGING SOURCE
- Original cataloging agency: OSt
- Transcribing agency: OSt
100 ## - HEADING--PERSONAL NAME
- Personal name: Camiel, W. H. De Loore
670 ## - SOURCE DATA FOUND
- Source citation: Work cat.: (OSt): Lamers, Henny J. G. L. M. 15352, Instabilities in luminous early type stars, 1987